Libretto per l'esercizio di copia. Ad uso delle scuole del popolo. 4. ed.

Salvato in:
Dettagli Bibliografici
Autore principale: Conti Carotti, Paolina.
Natura: Libro
Lingua:italiano
Pubblicazione: Firenze Bemporad 1895
Catalogo:EDISCO:  Risultati della ricerca del catalogo della biblioteca
Libro di testo Classificazione:
Tags: Aggiungi Tag
Nessun Tag, puoi essere il primo ad aggiungerne!!
Aggiunto a:2016-04-30
Cambiato in:2017-10-18

MARC

LEADER 00000aam a22000007 4500
001 06504
003 OSt
005 20171018095143.0
008 160501s1895 it 000 0 ita
040 |c Gianfranco Bandini - Firenze - CLIO 
041 1 |a ita 
100 1 |a Conti Carotti, Paolina. 
245 0 0 |a Libretto per l'esercizio di copia. Ad uso delle scuole del popolo. 4. ed. 
260 |a Firenze  |b Bemporad  |c 1895 
300 |a 30, 1/x ;  
901 |a 7 
942 |2 ddc  |c BK 
546 |a ita 
999 |c 6493  |d 6493 
999 |c edisco:6493  |d 6493